Super Smash Bros. Fighters #30 - The Wario Quiz - Statistics

General Stats
  • This quiz has been taken 239 times
  • The average score is 11 of 16
Answer Stats
Hint Answer % Correct
Who is Wario’s partner in crime? Waluigi
100%
What is the name of Wario's (fictional) game company? WarioWare Inc.
93%
What other vehicle is Wario more well-known for riding? Wario Bike
87%
Who is Wario’s superhero alter-ego? Wario-Man
84%
Name one of the Wario themed tracks in Mario Kart. Wario Stadium, Wario’s Gold Mine...
83%
What is Wario’s favourite food? Garlic
81%
The iconic line “So ein mist!” is a remnant of when Wario was what nationality? German
80%
Wario’s name is a combination of Mario’s name and the Japanese word warui.
What does warui translate to in English?
Bad
76%
What game did Wario make his first appearance in? Super Mario Land 2: 6 Golden Coins
72%
What game was Wario first playable in? Wario Land: Mario Land 3
71%
What type of games does Wario's company make? Microgames
69%
What famous billionaire portrayed Wario in a Saturday Night Live skit? Elon Musk
60%
This high school girl is always late to work and reportedly has a crush on Wario (ew) Mona
54%
This sweet pirate is Wario's true archenemy, NOT Mario. Captain Syrup
44%
In what city do Wario and his friends run this business? Diamond City
42%
Wario’s plane was named after this dog’s tough appearance, presumably. Bulldog
34%
No matching quizzes found
Score Distribution
Percent of People with Each Score
Percentile by Number Answered
Your Score History
You have not taken this quiz